| 000 | 00541cam a2200205ua 4500 | ||
|---|---|---|---|
| 020 | _c1.50 | ||
| 041 |
_amal _h |
||
| 082 |
_a921.85 _bDAM/AR |
||
| 100 | _aDamodharan pillai, P . | ||
| 245 |
_aAristotle / _cP.Dhamodharan pillai. _hTextual Documents |
||
| 260 |
_aTrivandrum : _bBalan Prasidheekaranangal , _c1963. |
||
| 300 | _a89 ; . | ||
| 365 | _a1.50 | ||
| 440 | 0 |
_aBalan General series, _vNo:37 _x; |
|
| 490 | 0 |
_aBalan General series, _vNo:37 _x; |
|
| 504 | _a | ||
| 942 | _cBK | ||
| 999 |
_c714 _d714 |
||